000 00270nam a2200109Ia 4500
008 200302s9999 xx 000 0 und d
100 _aEzra Stoller and other
245 _aThe United Nations
260 _bPrinceton Architectural Press
260 _c1999
300 _a95 P.,
999 _c4166
_d4166